MAASAI MARA UNIVERSITY

LIBRARY CATALOGUE

Contact Us: +254 020 2685356/7 or 0774 057787

Box: 861-20500, NAROK, KENYA

Email: info@mmarau.ac.ke

_Chemistry (4th ed.] annotated instructor`s edition McMurry fay (Record no. 7404)

MARC details
000 -LEADER
fixed length control field 00462nam a2200157Ia 4500
008 - FIXED-LENGTH DATA ELEMENTS--GENERAL INFORMATION
fixed length control field 151021s9999 xx 000 0 und d
020 ## - INTERNATIONAL STANDARD BOOK NUMBER
International Standard Book Number 131402218
050 ## - LIBRARY OF CONGRESS CALL NUMBER
Classification number QD 33 M137 2004
245 ## - TITLE STATEMENT
Title _Chemistry (4th ed.] annotated instructor`s edition McMurry fay
260 ## - PUBLICATION, DISTRIBUTION, ETC. (IMPRINT)
Place of publication, distribution, etc. New Jersey Prentice Hall 2004
300 ## - PHYSICAL DESCRIPTION
Extent xxviii,1070p;ill.
500 ## - GENERAL NOTE
General note includes index
650 ## - SUBJECT ADDED ENTRY--TOPICAL TERM
Topical term or geographic name as entry element _chemistry
700 ## - ADDED ENTRY--PERSONAL NAME
Personal name _Robert C Fay
980 ## - EQUIVALENCE OR CROSS-REFERENCE-SERIES STATEMENT--PERSONAL NAME/TITLE [LOCAL, CANADA]
Personal name ^d20110705 04:40:44^okorir

No items available.

© 2016 Maasai Mara University.